LIBRARY & INFORMATION CENTRE, KCAET, TAVANUR

ONLINE PUBLIC ACCESS CATALOGUE (OPAC)

Engineering fundamentals / (Record no. 13158)

MARC details
000 -LEADER
fixed length control field 00348cam a2200145ua 4500
041 ## - LANGUAGE CODE
Language code of text/sound track or separate title eng
082 ## - DEWEY DECIMAL CLASSIFICATION NUMBER
Classification number 620
Item number TIM/EN
100 ## - MAIN ENTRY--AUTHOR NAME
Personal name Timings, Roger .
245 ## - TITLE STATEMENT
Title Engineering fundamentals /
260 ## - PUBLICATION, DISTRIBUTION, ETC. (IMPRINT)
Place of publication oxford :
Name of publisher Newnes ,
Year of publication 2002.
300 ## - PHYSICAL DESCRIPTION
Number of Pages 416 ; .
942 ## - ADDED ENTRY ELEMENTS (KOHA)
Koha item type Books
Holdings
Withdrawn status Lost status Damaged status Home library Current library Date acquired Full call number Accession Number Koha item type
      KAUAET KAUAET 07/04/2012 620 TIM/EN 21564 Books
free website counter